000 00379 a2200169 4500
001 183490
020 _a978-85-08-10658-5
040 _cMagnum
100 _aNovaes, Carlos Eduardo
240 1 0 _aO menino sem imaginação
_lpor
245 1 0 _aO menino sem imaginação
300 _a152
362 0 _a2007
440 1 _aÁtica
697 _aLITERATURA JUVENIL
942 _cBK
999 _c183490
_d183490